Wszystkie kluby z Ligue 1 21/22 - Statystyki

Ogólne statystyki
  • Ten quiz został rozwiązany 21 razy
  • Średni wynik to 8 z 20
Statystyki odpowiedzi
Odpowiedz % Poprawnych
PSG
100%
Lyon
85%
Nice
60%
OM
60%
Lille
50%
Angers
45%
Monako
45%
Saint Etienne
45%
Lens
40%
Montpellier
35%
Nantes
35%
Metz
30%
Stade Reims
30%
Strasbourg
30%
Brest
20%
Clermont
15%
Lorient
15%
Girondins
10%
Renners
0%
Troyes
0%
Nie znaleziono quizów pasujących do podanych kryteriów
Rozkład punktacji
Procent ludzi z każdym wynikiem
Percentyl według liczby udzielonych odpowiedzi
Twoja historia wyników
Nie rozwiązałeś tego quizu